| 000 | 00498nam a22001937a 4500 | ||
|---|---|---|---|
| 005 | 20251112104619.0 | ||
| 008 | 251112b |||||||| |||| 00| 0 eng d | ||
| 037 | _cTB | ||
| 040 |
_aAL _cAL |
||
| 041 |
_2ENG _aENG |
||
| 084 | _bAL | ||
| 100 |
_aMisra, Vidyniwas _9850837 |
||
| 245 | _aVedante manjari | ||
| 260 |
_aDelhi, India: _bRitvej, _c1995. |
||
| 300 | _a280p. | ||
| 365 |
_b150.00 _cINR |
||
| 942 |
_2CC _cTB _n0 |
||
| 999 |
_c1465278 _d1465278 |
||